00270nam a2200109Ia 4500008004100000082001500041100001800056245003100074260002900105300000800134650001800142191201s2006 xx 000 0 und d a658.1bBAM aBATRA, Promod 0aManagement Ideas in Action aN.DelhibThink Incc2006 a492 aGeneral Books